Music Quiz

Random Music or Rock Quiz

Bands by Setlist II Quiz Stats

Quiz Updated Feb 4, 2015

Also try: Bands by Setlist
Challenge
Share
Tweet
Score 0/21 Timer 06:00
7 Plays Today
% Correct
U2
93.4%
Coldplay
88.3%
Beyoncé
85.8%
Elvis Presley
85.6%
The Who
82.8%
Bon Jovi
77.5%
Justin Timberlake
74.4%
Weezer
73.9%
Kanye West
66.8%
Metallica
61.2%
Run–D.M.C.
61.2%
% Correct
ZZ Top
54.3%
Beck
53.6%
Hall & Oates
53.5%
Rage Against the Machine
47.2%
Taylor Swift
47%
Muse
46.4%
Bruce Springsteen & the E Street Band
35.5%
Dixie Chicks
34.9%
Modest Mouse
32.8%
Arcade Fire
29.2%

You're not logged in!

Compare scores with friends on all Sporcle quizzes.
Sign Up with Email
OR
Log In

You Might Also Like...

Show Comments

Extras

Top Quizzes Today


Score Distribution

Your Account Isn't Verified!

In order to create a playlist on Sporcle, you need to verify the email address you used during registration. Go to your Sporcle Settings to finish the process.